[Event "Tri-State M (ID, WY, MT)"]
[Site "Jackson, WY"]
[Date "2004.10.23"]
[Round "1.7"]
[White "Uptain, Mark T"]
[Black "Looney, Daniel S"]
[Result "0-1"]
[WhiteElo "1522"]
[BlackElo "1549"]

1. d4 f5 2. c4 Nf6 3. e3 g6 4. Nc3 Bg7 5. Nge2 O-O 6. f4 d6 7. Ng3 Qe8 8. Be2
e5 9. dxe5 dxe5 10. e4 fxe4 11. Ncxe4 Nxe4 12. Nxe4 Nc6 13. O-O exf4 14. Bf3
Bf5 15. Nc3 g5 16. Qb3 Nd4 17. Qxb7 c6 18. Bd2 Rb8 19. Qxa7 Nc2 20. Rac1 Bd4+
21. Qxd4 Nxd4 22. b3 Nxf3+ 23. Rxf3 Qg6 24. Re1 Bg4 25. Rf2 Rbe8 26. Ref1 f3
27. h3 fxg2 28. Kxg2 Rxf2+ 29. Rxf2 Bd7 30. a4 Qd3 31. Kg1 Bxh3 32. a5 Qg3+
{#R} 0-1

[Event "Tri-State M (ID, WY, MT)"]
[Site "Jackson, WY"]
[Date "2004.10.23"]
[Round "2.7"]
[White "Looney, Daniel S"]
[Black "Fortune, Jonathan Ray"]
[Result "1/2-1/2"]
[WhiteElo "1549"]
[BlackElo "1636"]

1. e4 c6 2. d4 d5 3. exd5 cxd5 4. Bd3 Nc6 5. c3 Qc7 6. Nf3 Bg4 7. O-O Nf6 8.
Re1 e6 9. Nbd2 Be7 10. h3 Bh5 11. Nf1 Bg6 12. Ne5 Bxd3 13. Qxd3 O-O 14. Ng3
Bd6 15. f4 Rae8 16. Bd2 Nd7 17. Re3 f6 18. Nxd7 Qxd7 19. Rf1 Qc7 20. Ne2 Re7
21. Ref3 Ref7 22. a3 Ne7 23. Be1 e5 24. fxe5 fxe5 25. Rxf7 Rxf7 26. Rxf7 Kxf7
27. dxe5 Bc5+ 28. Bf2 Bxf2+ 29. Kxf2 Qxe5 30. Qf3+ Kg8 {#d} 1/2-1/2

[Event "Tri-State M (ID, WY, MT)"]
[Site "Jackson, WY"]
[Date "2004.10.24"]
[Round "3.7"]
[White "Fortune, Jonathan Ray"]
[Black "Looney, Daniel S"]
[Result "0-1"]
[WhiteElo "1636"]
[BlackElo "1549"]

1. d4 f5 2. c4 Nf6 3. Nc3 g6 4. g3 Bg7 5. Bg2 O-O 6. Nf3 d6 7. O-O Qe8 8. e3
e5 9. Re1 e4 10. Nd2 Nc6 11. a3 a6 12. b4 Bd7 13. Rb1 g5 14. f3 exf3 15. Bxf3
Nd8 16. e4 Ng4 17. exf5 Bxd4+ 18. Kh1 Nf2+ 19. Kg2 Nxd1 20. Rxe8 Rxe8 21. Nxd1
Bxf5 22. Rb3 Bc2 23. Bd5+ Kg7 24. Ne3 Rxe3 25. Rxe3 Bxe3 26. Bb2+ Kf8 27. Nf1
Bb6 28. Nd2 c6 29. Bf3 Nf7 30. h3 Re8 {#R} 0-1

[Event "ICA January Quads #2"]
[Site "Boise, ID"]
[Date "2007.01.10"]
[Round "2.1"]
[White "Tatom, Gene L"]
[Black "Looney, Daniel S"]
[Result "1/2-1/2"]
[WhiteElo "1669"]
[BlackElo "1523"]

1. c4 Nf6 2. g3 g6 3. Bg2 Bg7 4. Nc3 d6 5. e4 O-O 6. Nge2 Nc6 7. O-O Be6 8. d3
Qc8 9. f4 Bh3 10. f5 Bxg2 11. Kxg2 Qd7 12. h3 e6 13. fxe6 fxe6 14. Be3 Rf7 15.
Qd2 Ne5 16. Rf2 Raf8 17. Raf1 Ne8 18. Nf4 Nc6 19. b3 Nd4 20. Nfe2 Rxf2+ 21.
Rxf2 Rxf2+ 22. Bxf2 c5 23. Nxd4 cxd4 {#d} 1/2-1/2

[Event "ICA January Quads #2"]
[Site "Boise, ID"]
[Date "2007.01.17"]
[Round "3.1"]
[White "Looney, Daniel S"]
[Black "Harmon-Vellotti, Luke"]
[Result "0-1"]
[WhiteElo "1523"]
[BlackElo "1229"]

1. e4 e5 2. Nf3 Nc6 3. d4 exd4 4. Nxd4 Bc5 5. Nb3 Bb6 6. Nc3 d6 7. Bb5 Nf6 8.
Bg5 Bd7 9. Nd5 Bxf2+ 10. Kf1 Bb6 11. Qf3 Ne5 12. Bxd7+ Nexd7 13. Rd1 h6 14.
Bxf6 Nxf6 15. Nxb6 axb6 16. e5 Nd7 17. exd6 cxd6 18. Rxd6 Qc7 19. Qe3+ Kd8 20.
Qd3 Re8 21. a3 Ra4 22. Nd2 Kc8 23. b4 Ne5 24. Qf5+ Kb8 25. Rd4 Re6 26. Kg1
Rxa3 27. h4 Ra1+ 28. Kh2 Nf3+ 29. Kh3 Rxh1+ 30. Kg4 Nxd4 {(time)} {#R} 0-1

[Event "ICU MVCC Ch (Champ)"]
[Site "Twin Falls, ID"]
[Date "2009.03.07"]
[Round "1.2"]
[White "Bartell, Fred"]
[Black "Looney, Daniel S"]
[Result "1-0"]
[WhiteElo "1837"]
[BlackElo "1627"]

1. c4 e5 2. Nc3 Nf6 3. Nf3 d6 4. e4 Bg4 5. Be2 Be7 6. h3 Bd7 7. d4 exd4 8.
Nxd4 Nc6 9. Be3 O-O 10. O-O Re8 11. a3 Bf8 12. Qc2 Ne5 13. Rad1 Qc8 14. f4 Ng6
15. f5 Ne5 16. Bg5 Be7 17. Bf4 Nc6 18. g4 Nxd4 19. Rxd4 d5 20. b4 c5 21. Rxd5
Nxd5 22. Nxd5 Bd8 23. Bd6 cxb4 24. axb4 Qc6 25. e5 f6 26. Bf3 Qa6 27. b5 Qa5
28. Bb4 Bb6+ 29. Kg2 Qxb4 30. Nxb4 Rxe5 31. Nd5 Bc5 32. Rd1 Rae8 33. Nxf6+
gxf6 34. Rxd7 b6 35. Qd2 Be3 36. Qd6 Bf4 37. Bd5+ {#r} 1-0

[Event "ICU MVCC Ch (Champ)"]
[Site "Twin Falls, ID"]
[Date "2009.03.07"]
[Round "2.4"]
[White "Looney, Daniel S"]
[Black "Buckendorf Jr., Glen"]
[Result "1/2-1/2"]
[WhiteElo "1627"]
[BlackElo "1800"]

1. e4 c5 2. Nf3 Nc6 3. d4 cxd4 4. Nxd4 a6 5. Nc3 e6 6. Be2 Nge7 7. f4 Nxd4 8.
Qxd4 Nc6 9. Qf2 Be7 10. Be3 O-O 11. Bb6 Qe8 12. O-O-O Bb4 13. Qf3 f6 14. a3
Be7 15. Bc4 Kh8 16. a4 d6 17. h4 e5 18. Nd5 Bd8 19. c3 Bxb6 20. Nxb6 Rb8 21.
Rxd6 exf4 22. Qxf4 Ne5 23. Be2 Be6 24. Nd5 Bxd5 25. Rxd5 Qc6 26. Rf1 Rbd8 27.
Rxe5 g5 28. Rxg5 fxg5 29. Qe5+ Kg8 30. Bc4+ Qxc4 31. Qxg5+ Kh8 32. Qe5+ {#d}
1/2-1/2

[Event "ICU MVCC Ch (Champ)"]
[Site "Twin Falls, ID"]
[Date "2009.03.08"]
[Round "3.3"]
[White "Myers, Hugh S"]
[Black "Looney, Daniel S"]
[Result "0-1"]
[WhiteElo "1675"]
[BlackElo "1627"]

1. e4 c6 2. f4 d5 3. e5 Bf5 4. Nf3 h6 5. d4 e6 6. Bd3 Bxd3 7. Qxd3 c5 8. c3
Nc6 9. f5 c4 10. Qc2 Qd7 11. fxe6 Qxe6 12. O-O O-O-O 13. b3 Nge7 14. Nh4 Rg8
15. Nf5 Nxf5 16. Qxf5 Qxf5 17. Rxf5 f6 18. exf6 gxf6 19. Rxf6 Bg7 20. Rf4 Rde8
21. Nd2 Rgf8 22. Rxf8 Rxf8 23. Nf3 b5 24. Ba3 b4 25. Bxb4 Nxb4 26. cxb4 Rxf3
27. gxf3 Bxd4+ 28. Kg2 Bxa1 29. bxc4 dxc4 30. Kf2 c3 31. Ke2 Kd7 32. Kd3 a5
33. bxa5 Kc6 34. Kc2 Bb2 35. a4 Kb7 36. Kb3 Ka6 37. f4 Bc1 38. Kxc3 Bxf4 39.
h3 Kxa5 40. Kd4 Kxa4 41. Ke4 Bc1 42. Kf3 Kb4 43. Kg3 Kc4 44. Kg4 Kd5 45. Kf5
Bg5 46. Kg6 Ke5 47. Kh5 Kf6 48. h4 Bd2 49. Kg4 Kg6 50. h5+ Kf6 {#R} 0-1

[Event "ICU MVCC Ch (Champ)"]
[Site "Twin Falls, ID"]
[Date "2009.03.08"]
[Round "4.2"]
[White "Pocol, Daniel"]
[Black "Looney, Daniel S"]
[Result "1-0"]
[WhiteElo "1623"]
[BlackElo "1627"]

1. d4 Nf6 2. Bf4 d6 3. Nf3 Bg4 4. c3 Nbd7 5. Nbd2 c5 6. dxc5 Nxc5 7. h3 Bd7 8.
e3 Qb6 9. Nc4 Qc7 10. Be2 g6 11. O-O Bg7 12. Re1 O-O 13. Ncd2 Rae8 14. Bh2
Nfe4 15. Nxe4 Nxe4 16. Nd2 f5 17. Nxe4 fxe4 18. Qd5+ Kh8 19. Qxe4 Bc6 20. Qc2
Rf6 21. Bg3 Ref8 22. f3 b6 23. Rad1 Bh6 24. Qd2 Qd7 25. Bf2 Qf5 26. Qd4 Bg7
27. Qc4 Qd7 28. e4 Qb7 29. Bd4 d5 30. Qb3 Rf4 31. Bxg7+ Kxg7 32. exd5 Ba4 33.
Qa3 Bxd1 34. Bxd1 Qxd5 35. Qxa7 Qc5+ 36. Kh2 Kf6 37. Bb3 Rf5 38. Re6+ Kg7 39.
Rxe7+ Kf6 40. Re6+ Kg5 41. Qxh7 R8f6 42. f4+ Kxf4 43. Qh4# 1-0

[Event "SIO"]
[Site "Twin Falls, ID"]
[Date "2009.11.14"]
[Round "1.7"]
[White "Bruck, Nick Jon"]
[Black "Looney, Daniel S"]
[Result "0-1"]
[WhiteElo "1126"]
[BlackElo "1599"]

1. e4 c6 2. d4 d5 3. e5 c5 4. c4 cxd4 5. Qxd4 e6 6. cxd5 Nc6 7. Bb5 exd5 8.
Nc3 Be6 9. Nge2 Nge7 10. Bg5 h6 11. Bxe7 Bxe7 12. Nf4 O-O 13. Bxc6 bxc6 14.
O-O Bf5 15. Nh5 Be6 16. f4 Qa5 17. Na4 c5 18. Qd1 d4 19. f5 Bc4 20. Qg4 Bg5
21. h4 Bxf1 22. hxg5 Be2 23. Qxe2 Qxa4 24. Qg4 Qc6 25. f6 g6 26. gxh6 Kh7 27.
Nf4 Rg8 28. e6 Raf8 29. exf7 Rxf7 30. Qe6 Qxe6 31. Nxe6 Rxf6 32. Nxc5 Rgf8 33.
Nd7 Kxh6 34. Nxf8 Rxf8 35. Rd1 Rd8 36. a4 Kg5 37. Kf2 Kf4 38. b4 Ke4 39. a5 d3
40. b5 Rc8 41. b6 Rc2+ 42. Kg3 axb6 43. axb6 Rb2 44. Re1+ Kd4 45. Rd1 Rxb6 46.
Kf3 Re6 47. g4 g5 48. Rd2 Rf6+ 49. Kg2 Ke3 50. Ra2 d2 51. Rxd2 Kxd2 52. Kg3
Ke3 53. Kg2 Kf4 54. Kf2 Kxg4+ 55. Ke3 Rf3+ 56. Kd4 Kf5 57. Kd5 g4 58. Kd4 g3
59. Kd5 g2 60. Kd4 g1=Q+ 61. Kd5 Qd1+ 62. Kc4 Rd3 63. Kc5 Qc2+ 64. Kb4 Rb3+
65. Ka4 Qa2# 0-1

[Event "SIO"]
[Site "Twin Falls, ID"]
[Date "2009.11.14"]
[Round "2.6"]
[White "Looney, Daniel S"]
[Black "Finch, Douglas W"]
[Result "1-0"]
[WhiteElo "1599"]
[BlackElo "1350"]

1. e4 c5 2. Nf3 d6 3. d4 cxd4 4. Nxd4 g6 5. Nc3 Bg7 6. Be3 a6 7. Bc4 Qc7 8.
Bb3 Nf6 9. O-O Nc6 10. Qd2 O-O 11. f3 Bd7 12. Rf2 Na5 13. Rc1 Nxb3 14. cxb3
Rfc8 15. Qd3 Qd8 16. Rfc2 Rab8 17. g4 Nxg4 18. fxg4 Bxg4 19. Rg2 Qd7 20. Nd5
Rxc1+ 21. Bxc1 e6 22. Rxg4 exd5 23. Rg3 dxe4 24. Qe3 Rc8 25. Bd2 d5 26. Bc3
Be5 27. Rg2 f5 28. Qg5 Rf8 29. h4 Qf7 30. h5 Kg7 31. Nxf5+ Qxf5 32. Bxe5+ Kf7
33. Rf2 Qxf2+ 34. Kxf2 Ke6+ 35. Bf4 Rf5 36. Qh6 Rxh5 37. Qg7 Rf5 38. Qg8+ Kf6
39. Kg3 h5 40. Qd8+ Kf7 41. Qc7+ Kf6 42. Qd6+ Kf7 43. Kh4 d4 44. Qd7+ Kf8 45.
Bh6+ {#r} 1-0

[Event "SIO"]
[Site "Twin Falls, ID"]
[Date "2009.11.15"]
[Round "3.2"]
[White "Roland, Jeffrey T"]
[Black "Looney, Daniel S"]
[Result "1/2-1/2"]
[WhiteElo "1794"]
[BlackElo "1599"]

1. d4 g6 2. e4 Bg7 3. Nc3 e6 4. Nf3 Ne7 5. Be2 O-O 6. Be3 d5 7. Qd2 dxe4 8.
Nxe4 Nf5 9. O-O-O Nxe3 10. Qxe3 Nd7 11. Kb1 Nf6 12. h4 b6 13. Nxf6+ Bxf6 14.
h5 Qe7 15. hxg6 fxg6 16. Bd3 Bb7 17. Rde1 Bxf3 18. gxf3 Rae8 {#d} 1/2-1/2

[Event "SIO"]
[Site "Twin Falls, ID"]
[Date "2009.11.15"]
[Round "4.2"]
[White "Baggett, Jeff M"]
[Black "Looney, Daniel S"]
[Result "1-0"]
[WhiteElo "1800"]
[BlackElo "1599"]

1. e4 c6 2. d4 d5 3. e5 c5 4. c3 cxd4 5. cxd4 Nc6 6. Nf3 e6 7. a3 Nge7 8. Bd3
h6 9. O-O Bd7 10. Nc3 Nf5 11. Be3 Nxe3 12. fxe3 Be7 13. h3 f5 14. exf6 Bxf6
15. Nh2 O-O 16. Ng4 Qe7 17. Ne2 e5 18. Nxf6+ Rxf6 19. Rxf6 Qxf6 20. dxe5 Qxe5
21. Qb3 Qxe3+ 22. Kh1 Qe6 23. Nf4 Qd6 24. Bg6 Ne7 25. Qxb7 Bc6 26. Qb3 Nxg6
27. Nh5 Rf8 28. Rd1 Nf4 29. Ng3 Kh8 30. Rd4 Qe5 31. Qb4 Ne6 32. Rg4 h5 33. Rg6
Rf6 34. Rxf6 Qxf6 35. Qb8+ Kh7 36. Nxh5 Qg6 37. Qe5 d4 38. Ng3 d3 39. Qd6 d2
40. Qxd2 Qxg3 41. Qc2+ Qg6 42. Qxc6 Nf4 43. Qf3 Ne6 44. b4 Qf6 45. Qe3 Kg8
{(time)} {#r} 1-0

[Event "Treas. Valley Ch (Open)"]
[Site "Nampa, ID"]
[Date "2010.01.23"]
[Round "1.1"]
[White "Looney, Daniel S"]
[Black "Lang, Jamie"]
[Result "1-0"]
[WhiteElo "1627"]
[BlackElo "1500"]

1. e4 e5 2. Bc4 Nf6 3. Nf3 Nc6 4. d3 Be7 5. Nc3 O-O 6. Bg5 h6 7. Bxf6 Bxf6 8.
Nd5 d6 9. h3 Na5 10. Bb3 Nxb3 11. axb3 c6 12. Nxf6+ Qxf6 13. Qd2 Be6 14. Qb4
Qe7 15. g4 Qc7 16. Nh4 d5 17. O-O-O a5 18. Qd2 Qe7 19. Nf5 Bxf5 20. gxf5 f6
21. Rhg1 Kh7 22. f3 a4 23. bxa4 Rxa4 24. c3 d4 25. Qc2 Rfa8 26. Qb3 dxc3 27.
Qxc3 R4a5 28. Qb3 Rb5 29. Qe6 Qc5+ 30. Kb1 Qa3 31. Rxg7+ Kxg7 32. Rg1+ {#r}
1-0

[Event "Idaho Closed"]
[Site "Boise, ID"]
[Date "2010.02.14"]
[Round "4.12"]
[White "Patterson, Kevin R"]
[Black "Looney, Daniel S"]
[Result "1/2-1/2"]
[WhiteElo "1184"]
[BlackElo "1606"]

1. e4 d5 2. exd5 Qxd5 3. Nc3 Qd6 4. d4 Nf6 5. Nf3 Bg4 6. Be2 c6 7. h3 Bh5 8.
Qd2 Bg6 9. Bd3 Nbd7 10. O-O e6 11. Bxg6 hxg6 12. Qf4 Qb4 13. a3 Qa5 14. Bd2
Nd5 15. Nxd5 Qxd5 16. Ne5 Nf6 17. c3 Rh5 18. Qf3 Qd8 19. g4 Rh7 20. g5 Bd6
{#d} 1/2-1/2

[Event "Idaho Closed"]
[Site "Boise, ID"]
[Date "2010.02.15"]
[Round "5.8"]
[White "Looney, Daniel S"]
[Black "Uriarte, Andrew"]
[Result "1-0"]
[WhiteElo "1606"]
[BlackElo "1196"]

1. e4 e6 2. d3 c5 3. Nd2 Nc6 4. Ngf3 Nf6 5. g3 g6 6. Bg2 Bg7 7. O-O d5 8. e5
Ng4 9. Nb3 Qb6 10. d4 cxd4 11. Nfxd4 Ngxe5 12. Be3 Nc4 13. Nxe6 Nxe3 14. Nxg7+
Kf8 15. fxe3 Qxe3+ 16. Kh1 Kxg7 17. Bxd5 Rf8 18. Re1 Qg5 19. c4 Rd8 20. Qf3
Ne5 21. Qc3 f6 22. Nc5 Rb8 23. Rad1 b6 24. Ne4 Qh5 25. Rf1 Rf8 26. Rd2 Bh3 27.
Rf4 g5 28. Nxf6 Rxf6 29. Qxe5 Rbf8 30. Qe7+ Kg6 31. Rxf6+ Rxf6 32. Be4+ Bf5
33. Bxf5+ Kxf5 34. Rf2+ Kg4 35. Qd7+ Rf5 36. Qxf5# 1-0

[Event "Idaho Closed"]
[Site "Boise, ID"]
[Date "2010.02.15"]
[Round "6.7"]
[White "Patterson, Emily N"]
[Black "Looney, Daniel S"]
[Result "1/2-1/2"]
[WhiteElo "1463"]
[BlackElo "1606"]

1. c4 Nf6 2. Nc3 g6 3. d4 Bg7 4. Nf3 d6 5. g3 O-O 6. Bg2 c6 7. O-O Na6 8. Bf4
Nc7 9. Re1 d5 10. cxd5 Ncxd5 11. Nxd5 Nxd5 12. Be3 Nxe3 13. fxe3 Bf5 14. Nd2
Qd7 15. Nb3 Bh6 16. e4 Be3+ 17. Kh1 Bh3 18. Qd3 Bxg2+ 19. Kxg2 Bh6 20. Nc5 Qc7
21. e3 b6 22. Na6 Qb7 23. Rac1 Rad8 24. Rc2 e5 25. Nb4 c5 26. Nd5 exd4 27.
exd4 Rxd5 28. exd5 Qxd5+ 29. Qe4 Qxd4 30. Qxd4 cxd4 31. Rc7 d3 32. Rce7 d2 33.
Rd1 Rc8 {#d} 1/2-1/2

[Event "Idaho Closed"]
[Site "Twin Falls, ID"]
[Date "2011.02.20"]
[Round "3.11"]
[White "Looney, Daniel S"]
[Black "Kircher, Caleb Paul"]
[Result "0-1"]
[WhiteElo "1593"]
[BlackElo "1760"]

1. e4 d5 2. exd5 Nf6 3. d4 Nxd5 4. g3 Bf5 5. Bg2 c6 6. a3 e6 7. Nf3 Be7 8. Bd2
O-O 9. O-O Qb6 10. Qc1 Nd7 11. c4 Bxb1 12. Rxb1 N5f6 13. Be3 Qd8 14. c5 Nd5
15. b4 Bf6 16. Ng5 Nxe3 17. fxe3 Bxg5 18. h4 Bf6 19. Qd2 a6 20. e4 Ne5 21.
Rbd1 Nc4 22. Qc3 Nxa3 23. Qxa3 Bxd4+ 24. Kh2 e5 25. Rf5 Qe7 26. Qb3 Kh8 27.
Rdf1 f6 28. h5 g6 29. R5f3 Kg7 30. hxg6 hxg6 31. Bh3 a5 32. g4 g5 33. Rb1 axb4
34. Qxb4 Ra7 35. Rfb3 Rf7 36. Rc1 Ra2+ 37. Kg3 Qd7 38. Bf1 Qc8 39. Rf3 Qh8
{#R} 0-1

[Event "Idaho Closed"]
[Site "Twin Falls, ID"]
[Date "2011.02.20"]
[Round "4.13"]
[White "Looney, Daniel S"]
[Black "Patterson, Katie Rae"]
[Result "1-0"]
[WhiteElo "1593"]
[BlackElo "947"]

1. e4 e5 2. Nf3 Nc6 3. d4 d6 4. d5 Nce7 5. c4 Nf6 6. Nc3 g6 7. Be3 Bg7 8. h3
O-O 9. Be2 b6 10. Qd2 Bb7 11. Nh2 c6 12. f4 cxd5 13. exd5 exf4 14. Bxf4 Re8
15. O-O Nf5 16. Bg4 Nxg4 17. Nxg4 Bxc3 18. Qxc3 Qh4 19. Nf6+ Kf8 20. Nxe8 Kxe8
21. Rae1+ Kd8 22. Qd2 Ng3 23. Bg5+ Qxg5 24. Qxg5+ Kc8 25. Re8+ Kc7 26. Qe7#
1-0

[Event "Idaho Closed"]
[Site "Twin Falls, ID"]
[Date "2011.02.21"]
[Round "5.11"]
[White "Simonson, Jay L"]
[Black "Looney, Daniel S"]
[Result "0-1"]
[WhiteElo "565"]
[BlackElo "1593"]

1. e4 c6 2. d4 d5 3. e5 c5 4. dxc5 Nc6 5. Nc3 e6 6. Nf3 Bxc5 7. Bb5 Nge7 8.
O-O a6 9. Bxc6+ bxc6 10. Bf4 O-O 11. Qd3 a5 12. Na4 Ba6 13. Qd2 Bxf1 14. Rxf1
Ba7 15. Qc3 Qd7 16. Re1 Rfc8 17. Nc5 Bxc5 18. Qxc5 Rcb8 19. b3 Rb5 20. Qc3 c5
21. Qd3 h6 22. a4 Rb7 23. Re3 Rab8 24. Ne1 c4 25. Qc3 d4 26. Qxc4 dxe3 27.
Bxe3 Rc7 28. Qg4 Nf5 29. Bf4 Rd8 30. Nd3 Rxc2 31. h3 Qxd3 32. Kh2 Rxf2 33.
Bxh6 Qg3+ 34. Qxg3 Nxg3 35. Kxg3 gxh6 36. Kxf2 Rd3 37. Ke2 Rxb3 38. Kd2 Ra3
39. Kc2 Rxa4 40. Kb3 Rb4+ 41. Ka3 Kg7 42. g4 Kg6 43. Ka2 Kg5 44. Ka3 Kh4 {#R}
0-1

[Event "ICU MVCC Ch (Open)"]
[Site "Twin Falls, ID"]
[Date "2011.03.26"]
[Round "1.3"]
[White "Dugger, Gary"]
[Black "Looney, Daniel S"]
[Result "1/2-1/2"]
[WhiteElo "1280"]
[BlackElo "1636"]

1. e4 c6 2. g3 d5 3. e5 c5 4. d4 cxd4 5. Qxd4 Nc6 6. Bb5 e6 7. Nf3 Nge7 8. c4
Nf5 9. Bxc6+ bxc6 10. Qd3 Ba6 11. b3 Bc5 12. O-O Qb6 13. Nc3 dxc4 14. bxc4 Rd8
15. Qe4 Qc7 16. Bg5 Rb8 17. Rab1 O-O 18. Ne2 h6 19. Bf4 Rb6 20. Bd2 Rxb1 21.
Rxb1 Bb6 22. Bb4 Rb8 23. c5 Bxc5 24. Nc3 Bxb4 25. Rxb4 Rxb4 26. Qxb4 Bb7 27.
Qc5 Qb6 28. Na4 Qxc5 29. Nxc5 Bc8 30. a4 Kf8 31. a5 Ke8 32. g4 Ne7 33. Nd2 f6
34. f4 fxe5 35. fxe5 Nd5 36. Nde4 Nb4 37. Nd6+ Kd8 38. Nxc8 Kxc8 39. Nxe6 Nd3
40. Nxg7 Nxe5 41. h3 Kb7 42. Nf5 Nf7 43. Nd4 c5 44. Nb3 Kc6 45. Kf2 Kb5 46.
Ke3 Kb4 47. Nd2 Kxa5 48. Nc4+ Kb4 49. Kd3 a5 50. Nb6 a4 51. Nxa4 Kxa4 52. Kc4
Ng5 53. h4 Ne6 54. g5 hxg5 55. hxg5 {#d} 1/2-1/2

[Event "ICU MVCC Ch (Open)"]
[Site "Twin Falls, ID"]
[Date "2011.03.26"]
[Round "2.2"]
[White "Looney, Daniel S"]
[Black "Stark, Jim"]
[Result "1/2-1/2"]
[WhiteElo "1636"]
[BlackElo "1617"]

1. e4 d6 2. Nf3 Nf6 3. Nc3 g6 4. d4 Bg7 5. Be3 O-O 6. h3 b6 7. Qd2 c5 8. g4
cxd4 9. Nxd4 Bb7 10. Bg2 Nbd7 11. f4 Nc5 12. e5 Bxg2 13. Qxg2 dxe5 14. Nc6 Qc7
15. fxe5 Nxg4 16. hxg4 Bxe5 17. Nxe5 Qxe5 18. Qh3 Qg7 19. O-O-O Rfd8 20. Rdf1
f6 21. Rf2 e6 22. Qf3 f5 23. gxf5 exf5 24. Rfh2 Re8 25. Qd5+ Ne6 26. Qb3 h5
27. Ne2 Qf7 28. Rg2 Ng7 29. Qxf7+ Kxf7 30. Bh6 Re4 31. Bxg7 Kxg7 32. Ng3 Rg4
33. Rhg1 Re8 34. Kd2 Kf6 {#d} 1/2-1/2

[Event "ICU MVCC Ch (Open)"]
[Site "Twin Falls, ID"]
[Date "2011.03.27"]
[Round "3.1"]
[White "Vereshchagin, Aleksandr"]
[Black "Looney, Daniel S"]
[Result "0-1"]
[WhiteElo "1433"]
[BlackElo "1636"]

1. e4 c6 2. d4 d5 3. Nc3 dxe4 4. Nxe4 Bf5 5. Qd3 Qd5 6. f3 Nf6 7. c4 Qe6 8. g4
Bxe4 9. fxe4 Qxg4 10. e5 Qh4+ 11. Qg3 Qe4+ 12. Be3 Nh5 13. Qh3 Nd7 14. Kd2 Nf4
15. Qg3 Nh5 16. Qh3 Nf4 17. Qg3 g5 18. Re1 e6 19. Nf3 Bb4+ 20. Kc1 Bxe1 21.
Nxe1 Qxh1 22. Qf2 Qe4 23. Qd2 O-O-O 24. Nc2 Nxe5 25. Qa5 Ned3+ 26. Bxd3 Nxd3+
27. Kd2 Nxb2 28. Qxa7 Nxc4+ 29. Kc3 Nxe3 30. Qa8+ Kc7 31. Qa5+ Kd7 32. Nb4
Nd5+ 33. Nxd5 Qxd5 34. Qb6 Kc8 35. Qa7 Qxd4+ {#R} 0-1

[Event "ICU MVCC Ch (Open)"]
[Site "Twin Falls, ID"]
[Date "2011.03.27"]
[Round "4.1"]
[White "Buckendorf Jr., Glen"]
[Black "Looney, Daniel S"]
[Result "0-1"]
[WhiteElo "1800"]
[BlackElo "1636"]

1. e4 c6 2. d4 d5 3. e5 c5 4. c3 Nc6 5. Nf3 Bg4 6. Be3 e6 7. Be2 Nge7 8. dxc5
Bxf3 9. Bxf3 Nxe5 10. Be2 Nf5 11. Bb5+ Nc6 12. Bd4 Be7 13. Nd2 O-O 14. Bxc6
bxc6 15. O-O f6 16. f4 Qb8 17. Qe2 Nxd4 18. cxd4 e5 19. fxe5 fxe5 20. Rxf8+
Bxf8 21. Nb3 e4 22. Rf1 Qc7 23. Qg4 Re8 24. Nc1 Re7 25. Ne2 Qd7 26. Qg3 Rf7
27. Re1 Qf5 28. Nc3 Be7 29. Ne2 Bg5 30. h3 Bd2 31. Rd1 e3 32. Qb8+ Rf8 33.
Qxa7 Qf2+ 34. Kh1 Qxe2 35. Rg1 Qb5 36. Qe7 e2 37. Qe6+ Kh8 38. Qe7 Rb8 {#R}
0-1

[Event "ICU Twin Falls City Ch"]
[Site "Twin Falls, ID"]
[Date "2011.06.25"]
[Round "1.7"]
[White "Patterson, Katie Rae"]
[Black "Looney, Daniel S"]
[Result "1-0"]
[WhiteElo "1019"]
[BlackElo "1641"]

1. c4 e5 2. Nc3 Bb4 3. a3 Bxc3 4. bxc3 d5 5. cxd5 Qxd5 6. Nf3 Nc6 7. g3 e4 8.
Nh4 g5 9. Ng2 Be6 10. Ne3 Qd7 11. Bg2 f5 12. O-O Nf6 13. Bb2 O-O-O 14. c4 Rhf8
15. Bxf6 Rxf6 16. d3 Qf7 17. Qb3 Nd4 18. Qb2 Qh5 19. Rfe1 Rh6 20. h3 f4 21. g4
Nf3+ 22. exf3 Qg6 23. Rab1 fxe3 24. Qxb7+ Kd7 25. Qb5+ Ke7 26. Qc5+ Rd6 27.
Qxc7+ Rd7 28. Qc5+ Kf7 29. fxe3 exf3 30. Rf1 Qxd3 31. Rxf3+ Rf6 32. Rbf1 Rxf3
33. Rxf3+ Kg6 34. Rf1 Qxc4 35. Qxc4 Bxc4 36. Be4+ Kg7 37. Rf5 Rd1+ 38. Kf2
Rd2+ 39. Kf3 Be2+ 40. Kg3 h6 41. Ra5 a6 42. Bf3 Bb5 43. a4 Bc4 44. e4 Rd3 45.
e5 Bb3 46. Rxa6 Bd1 47. Ra7+ Kf8 48. Ra8+ Ke7 49. Ra7+ Kd8 50. Rf7 {(Time
Forfeit)} {#r} 1-0

[Event "ICU Twin Falls City Ch"]
[Site "Twin Falls, ID"]
[Date "2011.06.25"]
[Round "2.7"]
[White "Looney, Daniel S"]
[Black "Patterson, Kevin R"]
[Result "1-0"]
[WhiteElo "1641"]
[BlackElo "1198"]

1. e4 c6 2. d4 d5 3. e5 Bf5 4. Nc3 e6 5. g4 Bg6 6. Nge2 h6 7. h4 Be7 8. h5 Bh7
9. Ng3 Bg5 10. f4 Bh4 11. Qf3 Qa5 12. Rxh4 Nd7 13. Bd3 Bxd3 14. Qxd3 Ne7 15.
Bd2 Qc7 16. O-O-O Nb6 17. f5 O-O-O 18. g5 Ng8 19. g6 Qd7 20. gxf7 Qxf7 21.
fxe6 Qxe6 22. Qf5 Qxf5 23. Nxf5 Rh7 24. Rg4 Rf8 25. Rxg7 Rxg7 26. Nxg7 Ne7 27.
Bxh6 Rh8 28. Bg5 Kd7 29. h6 Ng6 30. Rf1 Nc8 31. Rf7+ Nce7 32. Nf5 Re8 33. Nxe7
Nxe7 34. Rxe7+ Rxe7 35. Bxe7 {#r} 1-0

[Event "ICU Twin Falls City Ch"]
[Site "Twin Falls, ID"]
[Date "2011.06.25"]
[Round "4.3"]
[White "Looney, Daniel S"]
[Black "Patterson, Emily N"]
[Result "1-0"]
[WhiteElo "1641"]
[BlackElo "1516"]

1. e4 e6 2. d3 c5 3. Nc3 Nc6 4. f4 d5 5. exd5 exd5 6. Nf3 Bg4 7. Be2 Nf6 8.
O-O Bd6 9. Ne5 Bxe5 10. Bxg4 Bxc3 11. bxc3 Nxg4 12. Re1+ Nge5 13. fxe5 O-O 14.
Qg4 Re8 15. Bg5 Qc8 16. Qg3 Qf5 17. Bf4 Re7 18. Re2 Rae8 19. Rf1 Qh5 20. Qe3
Nxe5 21. Qf2 Ng6 22. Rxe7 Rxe7 23. Bd6 Re2 24. Qxf7+ Kh8 25. Qf8+ Nxf8 26.
Rxf8# 1-0

[Event "Winter Warmup Invitational"]
[Site "Meridian, ID"]
[Date "2012.01.21"]
[Round "1.6"]
[White "Looney, Daniel S"]
[Black "Patterson, Katie Rae"]
[Result "1-0"]
[WhiteElo "1584"]
[BlackElo "906"]

1. e4 e5 2. Nf3 Nc6 3. d4 exd4 4. Nxd4 Nxd4 5. Qxd4 Nf6 6. Bg5 Be7 7. Nc3 O-O
8. Bc4 h6 9. Bd2 b6 10. e5 Nh5 11. Be2 g6 12. Bxh5 gxh5 13. Bxh6 Re8 14. Qe3
Bf6 15. Qg3+ Kh7 16. Bf4 h4 17. Qg4 Rg8 18. Qh5+ Kg7 19. Qh6# 1-0

[Event "Winter Warmup Invitational"]
[Site "Meridian, ID"]
[Date "2012.01.21"]
[Round "3.3"]
[White "McGarvey, James H"]
[Black "Looney, Daniel S"]
[Result "1/2-1/2"]
[WhiteElo "1600"]
[BlackElo "1584"]

1. d4 Nf6 2. c4 g6 3. Nc3 Bg7 4. e4 d6 5. Nf3 O-O 6. Be2 c6 7. O-O Na6 8. h3
e5 9. Be3 Re8 10. Bd3 Nb4 11. a3 Nxd3 12. Qxd3 Qe7 13. Nd2 b6 14. f3 Ba6 15.
b4 d5 16. b5 dxc4 17. Qxc4 cxb5 18. Nxb5 Rac8 19. Qb3 exd4 20. Bxd4 Red8 21.
Be3 Nd5 22. exd5 Bxb5 23. Ne4 Bxf1 24. Rxf1 Rc3 25. Bg5 Bd4+ 26. Kh1 Rxb3 27.
Bxe7 Rxd5 28. Rd1 Rd7 {#d} 1/2-1/2